| 000 | 01499nam a22002177a 4500 | ||
|---|---|---|---|
| 003 | IT-MiCISF | ||
| 005 | 20230420142836.0 | ||
| 008 | 230420b |||||||| |||| 00| 0 eng d | ||
| 040 | _cIT-MiCISF | ||
| 041 | _ait | ||
| 100 |
_aBalladore Francesca _959936 |
||
| 245 |
_aGiulia. _bLa santa crocifissa |
||
| 260 |
_aMilano, _bPeriodici san Paolo, _c2023 |
||
| 300 | _app. 140 | ||
| 500 | _adonna, fede, storia | ||
| 501 | _aEdizione originale San Paolo, 2019 | ||
| 520 | _aA Brescia è conservata la memoria di Giulia, con molte immagini che la ritraggono crocifissa. La sua vita è narrata da una passio tardiva (VIII secolo), ma la vicenda è ambientata nel V secolo: la ragazza si imbarca a Cartagine, assediata dai Vandali, e fa naufragio in Corsica dove, per non rinnegare la fede, subisce la crocifissione. Il culto di Giulia si diffonde sulle coste toscane e liguri, e anche oltre. Sullo sfondo di questa vicenda, ne emergono di più antiche: da quella di Blandina martire a Lione nel II secolo, a quelle di Liberata, Margherita, Vilgefortis..., figure femminili assimilate a Cristo fino ad assumerne le sembianze anche fisiche. Come le altre "Criste", Giulia porta nella propria carne la violenza subita da tante donne, tutto il dolore del mondo, proponendo la consapevolezza di una devozione che, nei secoli, ha dimostrato di saper andare ben oltre le banali regole che escludono la donna dalla sfera del sacro. | ||
| 650 |
_aDonna _959937 |
||
| 654 | _asaggio | ||
| 942 |
_2ddc _cBK |
||
| 999 |
_c359686 _d359686 |
||